[Event "Fagernes Chess International 2014"]
[Site "Fagernes"]
[Date "2014.04.13"]
[Round "1"]
[White "Skrede, Snorre"]
[Black "Langvik, Ulrikke"]
[Result "1-0"]
[WhiteElo "1729"]
[BlackElo "926"]
[PlyCount "49"]
[EventDate "2014.??.??"]

1. d4 d5 2. Nf3 Nf6 3. c4 c6 4. g3 Bg4 5. Bg2 g6 6. Ne5 Bf5 7. Nc3 e6 8. e4
dxe4 9. g4 Bxg4 10. Nxg4 Nxg4 11. Qxg4 Qxd4 12. Qxe4 e5 13. Qxd4 exd4 14. Nb5
Bb4+ 15. Bd2 Bxd2+ 16. Kxd2 Na6 17. Rhe1+ Kf8 18. Nxd4 c5 19. Bxb7 Rd8 20. Bxa6
Rxd4+ 21. Kc3 Kg7 22. Rad1 Rh4 23. Re5 Rxh2 24. Rd2 Rc8 25. Bxc8
1-0

[Event "Fagernes Chess International 2014"]
[Site "Fagernes"]
[Date "2014.04.13"]
[Round "2"]
[White "Machlik, Endre"]
[Black "Maloberti, David"]
[Result "1-0"]
[WhiteElo "1790"]
[BlackElo "2048"]
[PlyCount "49"]
[EventDate "2014.??.??"]

1. d4 f5 2. c4 Nf6 3. Nc3 e6 4. Nf3 d6 5. g3 Be7 6. Bg2 O-O 7. O-O Qe8 8. b4
Qg6 9. Qb3 Kh8 10. c5 Ne4 11. Nb5 Na6 12. Nd2 Nxd2 13. Bxd2 e5 14. cxd6 cxd6
15. Rac1 e4 16. f3 Be6 17. d5 Bd7 18. Nc7 exf3 19. Bxf3 Rac8 20. Ne6 Bxe6 21.
dxe6 Rb8 22. Be3 f4 23. Bxa7 fxg3 24. Bxb8 gxh2+ 25. Kh1
1-0

[Event "Fagernes Chess International 2014"]
[Site "Fagernes"]
[Date "2014.04.13"]
[Round "2"]
[White "Mørkedal, Øyvind"]
[Black "Theting, Helge E."]
[Result "0-1"]
[WhiteElo "1729"]
[BlackElo "1943"]
[PlyCount "80"]
[EventDate "2014.??.??"]

1. e4 g6 2. d4 Bg7 3. Nf3 d6 4. Be2 Nd7 5. O-O e5 6. Nc3 Ne7 7. Bg5 h6 8. Bh4
O-O 9. Re1 g5 10. Bg3 Ng6 11. Bc4 Nb6 12. Bb3 g4 13. Nd2 exd4 14. Ne2 c5 15.
Nf4 Ne5 16. Nd5 h5 17. f4 Ng6 18. h3 Nxd5 19. Bxd5 Be6 20. f5 Bxd5 21. exd5 Ne5
22. Bxe5 Bxe5 23. hxg4 Bf4 24. Rf1 Be3+ 25. Rf2 Qh4 26. Qf3 hxg4 27. g3 Qh3 28.
Qg2 Qxg2+ 29. Kxg2 Bxf2 30. Kxf2 Rfe8 31. Nc4 Rad8 32. Rh1 Kg7 33. Rh4 b5 34.
Rxg4+ Kf6 35. Nd2 Re5 36. Ne4+ Kxf5 37. Rf4+ Kg6 38. Rg4+ Kh6 39. Kg2 f5 40.
Rh4+ Kg6
0-1

[Event "Fagernes Chess International 2014"]
[Site "Fagernes"]
[Date "2014.04.13"]
[Round "2"]
[White "Rygg, Snorre"]
[Black "Taksrud, Vidar"]
[Result "1-0"]
[WhiteElo "1821"]
[BlackElo "2052"]
[PlyCount "79"]
[EventDate "2014.??.??"]

1. c4 e5 2. Nc3 Nf6 3. Nf3 Nc6 4. d4 exd4 5. Nxd4 Bb4 6. Bg5 h6 7. Bh4 d5 8.
cxd5 Qxd5 9. Bxf6 gxf6 10. Nxc6 Qxc6 11. Qb3 Bxc3+ 12. Qxc3 Qxc3+ 13. bxc3 Be6
14. e3 O-O-O 15. a3 Rd6 16. Be2 Rhd8 17. O-O Rc6 18. Rfc1 Rd2 19. Bf3 Rb6 20.
Rab1 Ra2 21. Rb4 Rxa3 22. Rh4 Rxc3 23. Re1 Rcb3 24. g3 Rb1 25. Rxb1 Rxb1+ 26.
Kg2 a5 27. Rxh6 a4 28. Rh8+ Kd7 29. Ra8 Bc4 30. h4 Ba6 31. h5 a3 32. h6 Rh1 33.
Kxh1 a2 34. h7 a1=Q+ 35. Kh2 Qb2 36. h8=Q Qxf2+ 37. Bg2 Bf1 38. Rd8+ Ke6 39.
Qe8+ Kf5 40. Qe4+
1-0

[Event "Fagernes Chess International 2014"]
[Site "Fagernes"]
[Date "2014.04.13"]
[Round "2"]
[White "Bentsen, Håkon"]
[Black "Sajjadi, Kimiya"]
[Result "1/2-1/2"]
[WhiteElo "2074"]
[BlackElo "1503"]
[PlyCount "61"]
[EventDate "2014.??.??"]

1. e4 c5 2. Nf3 e6 3. d4 cxd4 4. Nxd4 Bc5 5. Nc3 Qb6 6. Na4 Qa5+ 7. c3 Be7 8.
Bd2 Nf6 9. f3 Nc6 10. c4 Qe5 11. Bc3 Qg5 12. Qd2 Qxd2+ 13. Kxd2 b6 14. b3 Bb7
15. Re1 O-O 16. Bd3 Rfe8 17. Re2 d5 18. exd5 Nxd4 19. Bxd4 exd5 20. Rhe1 Bb4+
21. Bc3 Bxc3+ 22. Nxc3 dxc4 23. Rxe8+ Rxe8 24. Rxe8+ Nxe8 25. Bxc4 Nc7 26. Ke3
Kf8 27. Kd4 Ke7 28. a4 f6 29. Nd5+ Nxd5 30. Bxd5 Ba6 31. f4
1/2-1/2

[Event "Fagernes Chess International 2014"]
[Site "Fagernes"]
[Date "2014.04.13"]
[Round "2"]
[White "Bue, Gunnar"]
[Black "Dybvik, Bjørn Noralf"]
[Result "1-0"]
[WhiteElo "1693"]
[BlackElo "1284"]
[PlyCount "155"]
[EventDate "2014.??.??"]

1. d4 d5 2. c4 c6 3. Nf3 Nf6 4. e3 e6 5. Bd3 Bd6 6. O-O O-O 7. b3 Nbd7 8. Nc3
e5 9. cxd5 cxd5 10. e4 dxe4 11. Nxe4 Nxe4 12. Bxe4 f5 13. Bd5+ Kh8 14. Ng5 Qf6
15. Nxh7 Qh4 16. Nxf8 Nxf8 17. g3 Qh3 18. Bg2 Qh7 19. Bb2 e4 20. f3 Bd7 21.
fxe4 fxe4 22. Qe2 Bf5 23. Qb5 Bg6 24. Qxb7 Re8 25. Qc6 Be7 26. Rae1 Bf6 27.
Rxf6 gxf6 28. d5 Kg8 29. Qxf6 Nd7 30. Qg5 Nc5 31. Bf1 Rf8 32. d6 Nd3 33. Bxd3
exd3 34. Re6 Rf1+ 35. Kxf1 Qh3+ 36. Kg1 Qxe6 37. Qd8+ Be8 38. Qg5+ Bg6 39. Qd2
Qxd6 40. Qc3 Qb6+ 41. Kf1 Kf8 42. Qf6+ Qxf6+ 43. Bxf6 Kf7 44. Bc3 Ke6 45. Kf2
Kd5 46. Ke3 a6 47. g4 Ke6 48. Bd2 Kd5 49. h4 Ke6 50. h5 Be8 51. Kxd3 Bb5+ 52.
Ke4 Be2 53. Kf4 Kf7 54. Bc3 Kg8 55. h6 Kh7 56. g5 Kg6 57. Bf6 Bd3 58. Ke5 Be2
59. Kd5 Bf1 60. Kc5 Be2 61. Kb6 Bd3 62. a4 Be2 63. b4 Bd3 64. b5 axb5 65. axb5
Be2 66. Kc5 Bf3 67. b6 Be4 68. Kd6 Bb7 69. Kc7 Be4 70. b7 Bxb7 71. Kxb7 Kh7 72.
Kc7 Kg6 73. Kd6 Kh7 74. Ke6 Kg6 75. Bd8 Kh7 76. Kf6 Kh8 77. g6 Kg8 78. Kg5
1-0

[Event "Fagernes Chess International 2014"]
[Site "Fagernes"]
[Date "2014.04.13"]
[Round "2"]
[White "Torgersen, Terje"]
[Black "Skjelstad, Erling"]
[Result "0-1"]
[WhiteElo "1970"]
[BlackElo "1667"]
[PlyCount "52"]
[EventDate "2014.??.??"]

1. e4 e5 2. Nf3 f5 3. Nxe5 Qf6 4. Nc4 fxe4 5. Nc3 Qg6 6. Qe2 Nf6 7. d3 Bb4 8.
a3 Bxc3+ 9. bxc3 O-O 10. Ne3 d5 11. h3 c5 12. Bb2 Nc6 13. O-O-O a5 14. dxe4
Nxe4 15. Rxd5 Nxf2 16. Rg1 Nxh3 17. Rh1 Nf4 18. Qd2 Nxd5 19. Bc4 Be6 20. Nxd5
Rad8 21. Bd3 Bf5 22. c4 Bxd3 23. cxd3 Rd7 24. Qe3 Rdf7 25. Kb1 Qxg2 26. Rg1
Qxg1+
0-1

[Event "Fagernes Chess International 2014"]
[Site "Fagernes"]
[Date "2014.04.14"]
[Round "2"]
[White "Kristiansen, Willy"]
[Black "Skrede, Snorre"]
[Result "0-1"]
[WhiteElo "2017"]
[BlackElo "1729"]
[PlyCount "58"]
[EventDate "2014.??.??"]

1. d4 d5 2. c4 e6 3. Nf3 Nf6 4. g3 Be7 5. Bg2 O-O 6. O-O dxc4 7. Qc2 a6 8. Qxc4
b5 9. Qc2 Bb7 10. Bd2 Be4 11. Qc1 Qc8 12. Bg5 c5 13. Nbd2 Bb7 14. dxc5 Qxc5 15.
Qxc5 Bxc5 16. Rfc1 Nbd7 17. Bxf6 gxf6 18. Nb3 Rac8 19. Nxc5 Nxc5 20. b3 a5 21.
Ne1 Bxg2 22. Kxg2 Ne4 23. Nd3 Rfd8 24. Kf3 Nc3 25. Ke3 Rc7 26. Rc2 Rdc8 27.
Rac1 Kf8 28. f3 Ke7 29. Nf2 Nd1+
0-1

[Event "Fagernes Chess International 2014"]
[Site "Fagernes"]
[Date "2014.04.13"]
[Round "2"]
[White "Snerthammer, Daniel"]
[Black "Kizatbay, Alseit"]
[Result "0-1"]
[WhiteElo "1913"]
[BlackElo "1408"]
[PlyCount "78"]
[EventDate "2014.??.??"]

1. c4 Nf6 2. g3 c6 3. Bg2 e6 4. d4 d5 5. Qc2 Nbd7 6. Bf4 Bb4+ 7. Bd2 Be7 8. Nf3
O-O 9. O-O b6 10. b3 Bb7 11. Bf4 Nh5 12. Bc1 Rc8 13. Bb2 Nhf6 14. Rd1 Qc7 15.
Nc3 Rfd8 16. Rac1 Qb8 17. Qb1 dxc4 18. bxc4 c5 19. d5 exd5 20. cxd5 Nf8 21. e4
Ng6 22. Bh3 Ne5 23. Nxe5 Qxe5 24. Bxc8 Bxc8 25. f3 Qh5 26. Qd3 c4 27. Qe2 Bc5+
28. Kh1 Ng4 29. Rf1 Ne3 30. Na4 Nxf1 31. Rxf1 Bd6 32. g4 Qh3 33. e5 Bf8 34. Nc3
Bb7 35. Rd1 b5 36. e6 fxe6 37. Qxe6+ Kh8 38. Qf7 Bd6 39. f4 Qf3+
0-1

[Event "Fagernes Chess International 2014"]
[Site "Fagernes"]
[Date "2014.04.13"]
[Round "2"]
[White "Heier, Odin Nikolai"]
[Black "Ødegaard, Per Chr"]
[Result "1/2-1/2"]
[WhiteElo "1488"]
[BlackElo "1772"]
[PlyCount "26"]
[EventDate "2014.??.??"]

1. e4 d6 2. d4 Nf6 3. Nc3 g6 4. f4 Bg7 5. Nf3 O-O 6. Bc4 Bg4 7. O-O Nc6 8. Be3
Nd7 9. Qd2 Nb6 10. Be2 d5 11. e5 e6 12. Rad1 Qe7 13. a3 Rad8
1/2-1/2

[Event "Fagernes Chess International 2014"]
[Site "Fagernes"]
[Date "2014.04.13"]
[Round "2"]
[White "Østgaard, Pål Inge"]
[Black "Tangelder, Yonne"]
[Result "0-1"]
[WhiteElo "1284"]
[BlackElo "1829"]
[PlyCount "50"]
[EventDate "2014.??.??"]

1. e4 e5 2. Nf3 Nc6 3. Bb5 f5 4. Nc3 fxe4 5. Nxe4 Nf6 6. d3 d5 7. Nxf6+ Qxf6 8.
Qe2 Bd6 9. Bg5 Qf5 10. Bh4 O-O 11. O-O-O Nd4 12. Nxd4 Qf4+ 13. Kb1 Qxh4 14. Nf3
Qb4 15. d4 e4 16. Ne5 Bxe5 17. c3 Qa5 18. dxe5 c6 19. c4 a6 20. b3 axb5 21.
cxd5 cxd5 22. Rxd5 Bf5 23. Ka1 Qc3+ 24. Qb2 Rxa2+ 25. Kxa2 Ra8+
0-1

[Event "Fagernes Chess International 2014"]
[Site "Fagernes"]
[Date "2014.04.13"]
[Round "2"]
[White "Løbersli, Henrik Øie"]
[Black "Laverton, Christian"]
[Result "1/2-1/2"]
[WhiteElo "1857"]
[BlackElo "2080"]
[PlyCount "73"]
[EventDate "2014.??.??"]

1. d4 d5 2. c4 c6 3. Nf3 Nf6 4. Nc3 a6 5. e3 b5 6. b3 Bg4 7. Be2 Nbd7 8. O-O e6
9. h3 Bh5 10. Bb2 Bd6 11. Ne5 Bxe2 12. Nxe2 Qc7 13. cxd5 cxd5 14. Rc1 Qb8 15.
Nxd7 Kxd7 16. Qd3 Qb7 17. Rc2 Rhc8 18. Rfc1 Rxc2 19. Qxc2 Rc8 20. Qxc8+ Qxc8
21. Rxc8 Kxc8 22. Kf1 Kb7 23. Nc1 Nd7 24. Ke2 Kc6 25. Nd3 f6 26. f3 f5 27. Bc3
Kb6 28. b4 Nf8 29. f4 g6 30. Nc5 Be7 31. Be1 h6 32. Kf3 Bf6 33. g3 Be7 34. Ke2
Bd6 35. Kf3 Be7 36. Ke2 Bd6 37. Kf3
1/2-1/2

[Event "Fagernes Chess International 2014"]
[Site "Fagernes"]
[Date "2014.04.13"]
[Round "2"]
[White "Juriloo, Karl"]
[Black "Bjornes, Leif"]
[Result "0-1"]
[WhiteElo "1409"]
[BlackElo "1873"]
[PlyCount "120"]
[EventDate "2014.??.??"]

1. d4 d5 2. c4 c6 3. Bf4 Nf6 4. e3 g6 5. Nc3 Bg7 6. Nf3 O-O 7. cxd5 cxd5 8. Be2
Nc6 9. O-O Nh5 10. Be5 f6 11. Bg3 Nxg3 12. hxg3 Kh8 13. Qb3 e6 14. Kh2 Qd6 15.
Rh1 a6 16. Kg1 Bd7 17. Bd3 Kg8 18. Rd1 Ne7 19. e4 Bc6 20. exd5 Nxd5 21. Ne4 Qe7
22. Re1 Rfe8 23. Nc5 Qf7 24. Nd2 Rad8 25. Re4 f5 26. Reh4 h5 27. Nf3 Bf6 28.
R4h3 Qg7 29. Bc4 Bxd4 30. Nd3 Bf6 31. Nf4 Nxf4 32. gxf4 Bd5 33. Nd2 Qc7 34. Rg3
Kf7 35. Kh2 Bxc4 36. Nxc4 Rd4 37. Ne3 Rxf4 38. Rd1 Rxf2 39. Qd3 Be5 40. Nc4
Bxg3+ 41. Qxg3 Qxg3+ 42. Kxg3 Rc2 43. Nd6+ Ke7 44. Nxe8 Kxe8 45. Rd6 Rc6 46.
Rd2 g5 47. Kf3 Ke7 48. g3 Kf6 49. a3 e5 50. Rd7 b5 51. Rd8 e4+ 52. Ke3 Ke5 53.
Re8+ Re6 54. Rf8 Rf6 55. Re8+ Kd5 56. Rd8+ Kc4 57. Rh8 f4+ 58. gxf4 gxf4+ 59.
Kxe4 f3 60. Rc8+ Kb3
0-1

[Event "Fagernes Chess International 2014"]
[Site "Fagernes"]
[Date "2014.04.13"]
[Round "2"]
[White "Kjølberg, Jens Hjorth"]
[Black "Ali, Karim"]
[Result "1/2-1/2"]
[WhiteElo "2092"]
[BlackElo "1797"]
[PlyCount "150"]
[EventDate "2014.??.??"]

1. c4 f5 2. Nc3 Nf6 3. d4 e6 4. f3 Bb4 5. Bd2 O-O 6. a3 Bxc3 7. Bxc3 d5 8. e3
Nc6 9. Bd3 dxc4 10. Bxc4 Nd5 11. Qd2 a6 12. Ne2 b5 13. Bb3 Qg5 14. Nf4 Nce7 15.
O-O Nxf4 16. exf4 Qh6 17. Bb4 Re8 18. Rfe1 Bd7 19. Bxe7 Rxe7 20. d5 Rae8 21. d6
cxd6 22. Qxd6 Qf6 23. Re2 Rc8 24. Rae1 h6 25. Re5 a5 26. Kf1 a4 27. Bxe6+ Bxe6
28. Rxe6 Rxe6 29. Qxe6+ Qxe6 30. Rxe6 Rc1+ 31. Kf2 Rc2+ 32. Re2 Rc5 33. Ke3 Rc4
34. Rd2 g6 35. g4 fxg4 36. fxg4 b4 37. Rd4 bxa3 38. bxa3 Rc3+ 39. Rd3 Rc4 40.
Rd7 Rc3+ 41. Rd3 Rc4 42. Kf3 Kf7 43. h4 Kf6 44. g5+ hxg5 45. hxg5+ Kf5 46. Rd5+
Ke6 47. Re5+ Kf7 48. Re3 Kf8 49. Re6 Kf7 50. Rf6+ Kg7 51. Ra6 Rc3+ 52. Ke4 Rxa3
53. Ra7+ Kf8 54. Ke5 Rb3 55. Rxa4 Rb5+ 56. Ke4 Kf7 57. Ra7+ Kf8 58. Rd7 Kg8 59.
Rd5 Rb7 60. Ke5 Kf7 61. Ke4 Rb4+ 62. Rd4 Rb5 63. Rd7+ Kf8 64. Rd5 Rb7 65. f5
gxf5+ 66. Kxf5 Kg7 67. Rd6 Rf7+ 68. Kg4 Rf1 69. Rd4 Kg6 70. Rd6+ Kg7 71. g6
Rg1+ 72. Kf5 Rf1+ 73. Ke4 Rf6 74. Rxf6 Kxf6 75. g7 Kxg7
1/2-1/2

[Event "Fagernes Chess International 2014"]
[Site "Fagernes"]
[Date "2014.04.13"]
[Round "2"]
[White "Kizatbay, Abyl"]
[Black "Hansen, Linda Marie"]
[Result "1-0"]
[WhiteElo "1144"]
[BlackElo "1685"]
[PlyCount "89"]
[EventDate "2014.??.??"]

1. e4 c5 2. Nc3 Nc6 3. Bb5 d6 4. Bxc6+ bxc6 5. f4 e6 6. Nf3 Ne7 7. d3 d5 8. O-O
g6 9. Na4 Qa5 10. c4 Bg7 11. e5 Nf5 12. g4 Nd4 13. Be3 Nxf3+ 14. Rxf3 Bf8 15.
Rc1 d4 16. Bd2 Qd8 17. Rh3 Be7 18. Qf3 Bd7 19. Re1 Qc8 20. b3 Qa6 21. Rh6 Bf8
22. Rh4 Be7 23. g5 Kf8 24. Rh6 Kg7 25. Rh3 Rae8 26. Rg3 Ref8 27. Rg4 Re8 28.
Rh4 Ref8 29. Qh3 Re8 30. Rf1 Bc8 31. Rh6 Bf8 32. Qf3 Kg8 33. Rh3 Kg7 34. Qe4
Be7 35. Rhf3 Bd7 36. R3f2 Kg8 37. h4 h6 38. h5 hxg5 39. hxg6 g4 40. f5 exf5 41.
gxf7+ Kxf7 42. Rxf5+ Ke6 43. Qxg4 Bh4 44. Rf7+ Kxe5 45. Bf4#
1-0

[Event "Fagernes Chess International 2014"]
[Site "Fagernes"]
[Date "2014.04.13"]
[Round "2"]
[White "Merkesvik, Amalie Isabel"]
[Black "Mossin, Ivar Alexander"]
[Result "0-1"]
[WhiteElo "1521"]
[BlackElo "1847"]
[PlyCount "66"]
[EventDate "2014.??.??"]

1. e4 e6 2. Nf3 d5 3. exd5 exd5 4. d4 Bd6 5. c4 c6 6. Nc3 Ne7 7. c5 Bc7 8. Bd3
O-O 9. h3 Bf5 10. O-O Nd7 11. Be3 Nf6 12. Nh4 Bxd3 13. Qxd3 Ng6 14. Nxg6 hxg6
15. Bg5 Re8 16. Rae1 Qd7 17. Rxe8+ Rxe8 18. Bxf6 gxf6 19. f4 f5 20. h4 Re6 21.
Ne2 Qe7 22. Rf2 Qxh4 23. g3 Qe7 24. Rh2 Ba5 25. Qf3 Re3 26. Qh1 Rxe2 27. Rh8+
Kg7 28. Qh7+ Kf6 29. Qh4+ Ke6 30. Qh3 Kd7 31. g4 Qe4 32. gxf5 Qb1+ 33. Qf1 Re1
0-1

[Event "Fagernes Chess International 2014"]
[Site "Fagernes"]
[Date "2014.04.14"]
[Round "2"]
[White "Arntsen, Frode"]
[Black "Lien, Johan"]
[Result "1-0"]
[WhiteElo "1803"]
[BlackElo "1410"]
[PlyCount "105"]
[EventDate "2014.??.??"]

1. d4 Nf6 2. c4 e6 3. Nc3 Bb4 4. a3 Bxc3+ 5. bxc3 O-O 6. Nf3 d5 7. e3 Nc6 8.
Qc2 h6 9. cxd5 exd5 10. c4 Ne7 11. Bd3 dxc4 12. Bxc4 Bf5 13. Bd3 Bxd3 14. Qxd3
Qd5 15. O-O c5 16. Bb2 cxd4 17. Nxd4 Nc6 18. Rac1 Nxd4 19. Bxd4 b5 20. Rc5 Qe4
21. Qc3 Qe8 22. Bxf6 gxf6 23. Qxf6 Qe6 24. Qxe6 fxe6 25. Rxb5 Rfb8 26. Rfb1 Rb6
27. Kf1 e5 28. Rxb6 axb6 29. Rxb6 Rxa3 30. Rxh6 Ra1+ 31. Ke2 e4 32. Rd6 Ra2+
33. Rd2 Ra4 34. f3 exf3+ 35. Kxf3 Rh4 36. Kg3 Rh6 37. Rd4 Kf7 38. h4 Rg6+ 39.
Kf3 Ke6 40. h5 Rf6+ 41. Rf4 Rh6 42. g4 Ke5 43. Rf5+ Ke6 44. Kf4 Rh8 45. e4 Rh7
46. e5 Ra7 47. Rf6+ Ke7 48. h6 Ra4+ 49. Kf5 Ra2 50. Kg6 Rg2 51. g5 Ra2 52. h7
Ra8 53. Kg7
1-0

[Event "Fagernes Chess International 2014"]
[Site "Fagernes"]
[Date "2014.04.14"]
[Round "2"]
[White "Lien, Kjell Håkon"]
[Black "Berntsen-Øybø, August"]
[Result "1-0"]
[WhiteElo "2050"]
[BlackElo "1545"]
[PlyCount "83"]
[EventDate "2014.??.??"]

1. d4 d5 2. c4 e6 3. Nc3 Nf6 4. Nf3 Nbd7 5. g3 c6 6. Bg2 Be7 7. O-O O-O 8. b3
b6 9. Bb2 Bb7 10. Nd2 Ne8 11. e4 Nc7 12. Re1 Re8 13. Nf1 Nf8 14. Rc1 Qd7 15.
Ne3 Rad8 16. cxd5 cxd5 17. e5 Rc8 18. a4 Ba6 19. Qg4 Ng6 20. Ncxd5 Bf8 21. Nxc7
Rxc7 22. Rxc7 Qxc7 23. Rc1 Qe7 24. d5 exd5 25. Nxd5 Qd8 26. Nc7 Bc8 27. Qe2 Re7
28. Nd5 Re8 29. Rd1 Qg5 30. Qb5 Re6 31. Rc1 Qd8 32. Qc4 Bd7 33. Nf4 Nxf4 34.
Qxf4 Be7 35. Rd1 Qe8 36. Qd2 Bc6 37. Bxc6 Rxc6 38. Qd7 Rc8 39. e6 fxe6 40.
Qxe6+ Kf8 41. Rd3 Bf6 42. Ba3+
1-0

[Event "Fagernes Chess International 2014"]
[Site "Fagernes"]
[Date "2014.04.13"]
[Round "2"]
[White "Ghaderi, Arman K"]
[Black "Kløfsrud, August Kristiansen"]
[Result "1/2-1/2"]
[WhiteElo "1843"]
[BlackElo "1110"]
[PlyCount "73"]
[EventDate "2014.??.??"]

1. e4 e6 2. d4 d5 3. Nd2 c5 4. exd5 exd5 5. Be2 Nc6 6. Ngf3 Be7 7. O-O Nf6 8.
dxc5 O-O 9. Nb3 Re8 10. c3 Bg4 11. h3 Bh5 12. Bg5 a5 13. Bxf6 Bxf6 14. Qd2 Rc8
15. Rad1 a4 16. Nbd4 Nxd4 17. cxd4 Rc7 18. Rfe1 Rce7 19. Ne5 Bxe5 20. Bxh5 Bc7
21. Bf3 Ba5 22. Rxe7 Bxd2 23. Rxe8+ Qxe8 24. Bxd5 Qe2 25. Bf3 Qd3 26. d5 Qd4
27. d6 g6 28. b4 axb3 29. axb3 Kf8 30. Bxb7 Qxc5 31. d7 Ke7 32. d8=Q+ Kxd8 33.
Rxd2+ Kc7 34. Bf3 Qc3 35. Ra2 Qc1+ 36. Kh2 Qf4+ 37. Kh1
1/2-1/2

[Event "Fagernes Chess International 2014"]
[Site "Fagernes"]
[Date "2014.04.13"]
[Round "2"]
[White "Dyrhaug, Sverre S"]
[Black "Larsen, Per Magnus"]
[Result "1-0"]
[WhiteElo "1574"]
[BlackElo "1023"]
[PlyCount "79"]
[EventDate "2014.??.??"]

1. e4 c6 2. d4 d5 3. Nc3 dxe4 4. Nxe4 Bf5 5. Ng3 Bg6 6. h4 h6 7. Be3 e6 8. Bd3
Bxd3 9. Qxd3 Bb4+ 10. c3 Bd6 11. Ne4 Be7 12. Nf3 Nf6 13. Ne5 Nxe4 14. Qxe4 Bf6
15. O-O-O Qd5 16. Qxd5 exd5 17. f4 O-O 18. g4 Bxe5 19. dxe5 Nd7 20. Rde1 Rfe8
21. Bd2 c5 22. Rh3 c4 23. Be3 a5 24. Bd4 Ra6 25. f5 b5 26. a3 g6 27. h5 g5 28.
Rhe3 Nf8 29. Bc5 Nd7 30. Bd6 Rc6 31. e6 fxe6 32. Rxe6 Rxe6 33. Rxe6 Nf8 34.
Rxh6 Kf7 35. Bxf8 Rxh6 36. Bxh6 Kf6 37. Kd2 b4 38. axb4 axb4 39. cxb4 d4 40. b5
1-0

[Event "Fagernes Chess International 2014"]
[Site "Fagernes"]
[Date "2014.04.13"]
[Round "2"]
[White "Robertsen, Bjørn"]
[Black "Dahl, Trygve"]
[Result "0-1"]
[WhiteElo "1185"]
[BlackElo "1867"]
[PlyCount "44"]
[EventDate "2014.??.??"]

1. e4 c5 2. Nf3 e6 3. d4 cxd4 4. Nxd4 a6 5. Nc3 Qc7 6. a3 Nf6 7. Bd3 b5 8. Be3
Bb7 9. O-O Be7 10. Qd2 d6 11. h3 Nbd7 12. Rfe1 O-O 13. f4 Rfe8 14. g4 Nc5 15.
Qg2 Bf8 16. b4 Nxd3 17. cxd3 Qxc3 18. g5 Nd7 19. Qg4 Qxd3 20. h4 Qxe4 21. Ra2
Ne5 22. Qh5 Qh1+
0-1

[Event "Fagernes Chess International 2014"]
[Site "Fagernes"]
[Date "2014.04.13"]
[Round "2"]
[White "Ødegaard, Karl Eirik"]
[Black "Skaug, Thorbjørn"]
[Result "1/2-1/2"]
[WhiteElo "1257"]
[BlackElo "1631"]
[PlyCount "47"]
[EventDate "2014.??.??"]

1. c4 b5 2. e3 bxc4 3. Bxc4 Bb7 4. Nf3 e6 5. O-O Nf6 6. d4 Be7 7. Nc3 O-O 8.
Re1 d6 9. e4 Nbd7 10. h3 h6 11. a3 c5 12. Qe2 cxd4 13. Nxd4 Re8 14. Ba6 Bxa6
15. Qxa6 Qb6 16. Qxb6 axb6 17. Ndb5 Rec8 18. Bf4 e5 19. Be3 Nc5 20. Bxc5 dxc5
21. Rad1 Rd8 22. Nc7 Rxd1 23. Rxd1 Rd8 24. N7d5
1/2-1/2

[Event "Fagernes Chess International 2014"]
[Site "Fagernes"]
[Date "2014.04.13"]
[Round "2"]
[White "Kaasen, Tor Fredrik"]
[Black "Machlik, Edit"]
[Result "1-0"]
[WhiteElo "1527"]
[BlackElo "1913"]
[PlyCount "109"]
[EventDate "2014.??.??"]

1. e4 c5 2. Nf3 a6 3. c4 Nc6 4. Nc3 g6 5. g3 Bg7 6. Bg2 d6 7. O-O e6 8. d3 Nge7
9. Be3 Nd4 10. Bxd4 cxd4 11. Ne2 Nc6 12. b4 Nxb4 13. Nexd4 O-O 14. Rb1 Nc6 15.
Nxc6 bxc6 16. d4 a5 17. Qa4 Qc7 18. Rfe1 Ba6 19. e5 c5 20. Nd2 Rab8 21. exd6
Qxd6 22. d5 exd5 23. Bxd5 Qc7 24. Nb3 Rb4 25. Qxa5 Qxa5 26. Nxa5 Bc3 27. Rxb4
Bxb4 28. Re7 Bc8 29. Nc6 Bc3 30. Ne5 Bd4 31. Rxf7 Bxe5 32. Re7+ Kh8 33. Rxe5
Bh3 34. Bg2 Bf5 35. Rxc5 Rb8 36. Rb5 Re8 37. f4 Bd3 38. Bd5 Re1+ 39. Kg2 Re2+
40. Kh3 Rxa2 41. g4 Ra3 42. Kg2 Ra2+ 43. Kh3 Ra3 44. Kh4 h6 45. Rb8+ Kh7 46. c5
Bf1 47. Rb3 Ra5 48. Rc3 Kg7 49. Bf3 Ra7 50. Rb3 Ra5 51. Rc3 Ra7 52. c6 Rc7 53.
g5 h5 54. Rb3 Ba6 55. Rb7
1-0

[Event "Fagernes Chess International 2014"]
[Site "Fagernes"]
[Date "2014.04.13"]
[Round "2"]
[White "Risting, Eivind Olav"]
[Black "Machlik, Monika"]
[Result "1/2-1/2"]
[WhiteElo "1743"]
[BlackElo "1976"]
[PlyCount "81"]
[EventDate "2014.??.??"]

1. d4 d5 2. Bg5 Nf6 3. Bxf6 exf6 4. e3 Bb4+ 5. Nd2 O-O 6. Ngf3 c6 7. Be2 Nd7 8.
O-O f5 9. c4 Nf6 10. a3 Bd6 11. c5 Bc7 12. Bd3 Re8 13. Qc2 Ne4 14. b4 Re6 15.
Rfe1 Rh6 16. Nf1 Bd7 17. a4 Qf6 18. b5 Re8 19. Rab1 Bb8 20. a5 cxb5 21. Bxb5
Bc6 22. Bxc6 Qxc6 23. Qb3 Re7 24. Ng3 Nxg3 25. hxg3 Rh5 26. Qd3 Qh6 27. Kf1 Qc6
28. a6 Rh6 29. Rxb7 Rxb7 30. axb7 Qxb7 31. Rb1 Rh1+ 32. Ng1 Qc8 33. Qb5 Bc7 34.
Qb7 Qd8 35. Qxa7 g6 36. Qb7 Qd7 37. Qb5 Qe7 38. Qd3 Bd8 39. Rb8 Kg7 40. Qb3 Qa7
41. Qb2
1/2-1/2

[Event "Fagernes Chess International 2014"]
[Site "Fagernes"]
[Date "2014.04.13"]
[Round "2"]
[White "Hølleland, Sigve"]
[Black "Heitun, Odd Gunnar"]
[Result "1-0"]
[WhiteElo "1871"]
[BlackElo "1273"]
[PlyCount "69"]
[EventDate "2014.??.??"]

1. d4 Nf6 2. c4 c5 3. d5 b5 4. cxb5 a6 5. bxa6 Bxa6 6. Nc3 d6 7. e4 Bxf1 8.
Kxf1 g6 9. g3 Bg7 10. Kg2 O-O 11. Nf3 Nbd7 12. h3 Qa5 13. Qe2 Rfb8 14. e5 Nxe5
15. Nxe5 dxe5 16. Qxe5 Ne8 17. Qxe7 Bxc3 18. bxc3 Qxc3 19. Bf4 Rd8 20. d6 Qb2
21. Rhb1 Qf6 22. Rd1 Qe6 23. Qxe6 fxe6 24. Rac1 Rd7 25. Rxc5 Rxa2 26. Rc7 Rd8
27. Rb7 Raa8 28. Rd3 Ra5 29. d7 Rf5 30. dxe8=Q+ Rxe8 31. Rdd7 g5 32. Rg7+ Kh8
33. Rxh7+ Kg8 34. Rbg7+ Kf8 35. Bd6+
1-0

[Event "Fagernes Chess International 2014"]
[Site "Fagernes"]
[Date "2014.04.14"]
[Round "2"]
[White "Yilmaz, Kazim"]
[Black "Bakkejord, Odd Vidar"]
[Result "0-1"]
[WhiteElo "1683"]
[BlackElo "1225"]
[PlyCount "70"]
[EventDate "2014.??.??"]

1. c4 b6 2. d4 Bb7 3. Nf3 Nf6 4. Nc3 g6 5. Bf4 Bg7 6. e3 d6 7. Bd3 Nbd7 8. Qc2
Nh5 9. Bg3 Bxf3 10. gxf3 e5 11. Ne2 Qf6 12. Be4 Rb8 13. Bc6 exd4 14. Bxd7+ Kxd7
15. Nxd4 b5 16. cxb5 Rb6 17. a4 Nxg3 18. hxg3 d5 19. Rc1 Qd6 20. O-O h5 21. f4
h4 22. g4 Bxd4 23. exd4 Re8 24. f3 Qxf4 25. Kh1 Rbe6 26. Qh2 Qxh2+ 27. Kxh2
Re2+ 28. Kh3 g5 29. Rc5 f6 30. Rxd5+ Kc8 31. Rf5 Rxb2 32. Rxf6 Ree2 33. Rh1 Rg2
34. Rf8+ Kb7 35. Rg8 Rg3#
0-1

[Event "Fagernes Chess International 2014"]
[Site "Fagernes"]
[Date "2014.04.13"]
[Round "2"]
[White "Sundsbø, Sigve"]
[Black "Landsverk, Ida"]
[Result "1-0"]
[WhiteElo "1663"]
[BlackElo "1160"]
[PlyCount "55"]
[EventDate "2014.??.??"]

1. d4 Nf6 2. c4 c5 3. d5 b5 4. cxb5 a6 5. bxa6 d6 6. Nc3 g6 7. e4 Bg7 8. Nf3
Nbd7 9. Qa4 O-O 10. a3 Qb6 11. b4 cxb4 12. Rb1 Bxa6 13. Bxa6 Rxa6 14. Qxb4 Qxb4
15. axb4 Ng4 16. Ne2 Nge5 17. Nxe5 Nxe5 18. O-O Rb8 19. Nd4 Ra4 20. Nc6 Rb7 21.
Nxe5 Bxe5 22. Bd2 Ra2 23. Bh6 Re2 24. f3 Rc7 25. Rfc1 Bd4+ 26. Kh1 Rxc1+ 27.
Rxc1 Bg7 28. Rc8+
1-0

[Event "Fagernes Chess International 2014"]
[Site "Fagernes"]
[Date "2014.04.13"]
[Round "2"]
[White "Langvik, Ulrikke"]
[Black "Wærstad, Leif E"]
[Result "0-1"]
[WhiteElo "926"]
[BlackElo "1560"]
[PlyCount "90"]
[EventDate "2014.??.??"]

1. e4 c5 2. Nf3 d6 3. Bc4 Nf6 4. d3 Nc6 5. Bg5 e6 6. O-O Be7 7. Nc3 O-O 8. Re1
a6 9. a3 b5 10. Ba2 Bb7 11. Rb1 Rc8 12. Ne2 a5 13. Ng3 Re8 14. Qd2 b4 15. a4
Qc7 16. Rbd1 Nd4 17. Nxd4 cxd4 18. Bb3 Qd7 19. Rc1 Rc5 20. c4 Bc6 21. Bxf6 Bxf6
22. Qd1 g6 23. Bc2 Bg5 24. Ra1 Bh6 25. b3 Bg7 26. Rf1 Qb7 27. f3 f5 28. Qd2 Rf8
29. Rac1 Qe7 30. Rce1 Qh4 31. Qf2 f4 32. Ne2 Qxf2+ 33. Rxf2 h6 34. g3 fxg3 35.
hxg3 e5 36. Kg2 Bd7 37. f4 Bg4 38. fxe5 Rxf2+ 39. Kxf2 Bxe5 40. Bd1 Rc8 41. Rh1
Rf8+ 42. Kg2 Bf3+ 43. Kh2 Bxh1 44. Kxh1 Rf1+ 45. Kg2 Rxd1
0-1